personnages gryffondor harry potter - Statistiques

Statistiques générales
  • Ce quiz a été pris 135 fois
  • Le résultat moyen est 14 sur 22
Statistiques - réponses
Hint Réponse % Correct
Potter Harry
100%
Granger Hermione
95%
Londubat Neville
84%
Bell Katie
83%
Brown Lavande
81%
Thomas Dean
80%
Dubois Olivier
80%
Finnigan Seamus
79%
Crivey Colin
78%
Jordan Lee
76%
Patil Parvati
76%
Johnson Angelina
74%
McLaggen Cormac
70%
Weasley (les 5 du plus jeune au plus vieux) GinnyRon Fred George Percy
70%
Crivey Dennis
64%
Spinett Alicia
57%
Vane Romilda
53%
Robins Demelza
17%
Peakes Jimmy
16%
Kirke Andrew
14%
Coote Ritchie
9%
Abercrombie Evan
1%
Aucun quiz correspondant
Distribution des résultats
% des personnes avec chaque résultat
Percentile par nombre de réponses
Votre historique - résultats
Vous n’avez pas pris ce quiz